Undead to the world /

"Jace's return to Kansas is an instant reminder that there really is no place like home. The tavern is still brimming with losers, practical jokers, and motorcycle chicks. Even the town's only Goth is still wearing eyeliner. But just as Jace is about to click her heels and hightail ou...

Full description

Bibliographic Details
Main Author: Barant, D. D.
Format: Book
Language:English
Published: New York : Godalming : St. Martin's Paperbacks ; Melia [distributor], 2012.
Edition:St. Martin's paperbacks ed.
Series:Barant, D. D. Bloodhound files.
Subjects:

MARC

Tag First Indicator Second Indicator Subfields
LEADER 00000cam a2200000Ia 4500
001 in00004730613
008 120827s2012 nyu 000 f eng d
005 20230721160259.9
010 |a  2014659736 
035 |a (OCoLC)ocn809554774 
040 |a UKMGB  |b eng  |c UKMGB  |d ZS3  |d OCLCO  |d DLC  |d OCLCQ  |d OCLCF  |d OCLCO  |d CRU  |d LMJ  |d OCL  |d OCLCO  |d DPL  |d OCLCO 
015 |a GBB287332  |2 bnb 
016 7 |a 016161786  |2 Uk 
020 |a 9780312545079  |q (pbk.) 
020 |a 031254507X  |q (pbk.) 
035 |a (OCoLC)809554774 
050 1 4 |a PR9199.4.B365  |b U54 2012 
082 0 4 |a 813.6  |2 23 
100 1 |a Barant, D. D. 
245 1 0 |a Undead to the world /  |c D D Barant. 
250 |a St. Martin's paperbacks ed. 
260 |a New York :  |b St. Martin's Paperbacks ;  |a Godalming :  |b Melia [distributor],  |c 2012. 
300 |a 297 pages ;  |c 18 cm. 
336 |a text  |b txt  |2 rdacontent 
337 |a unmediated  |b n  |2 rdamedia 
338 |a volume  |b nc  |2 rdacarrier 
490 1 |a The bloodhound files 
500 |a Accession # 2017_0519. 
500 |a Donated by Candace Benefiel as part of the Candace Benefiel Collection of Vampire Literature, Science, and Fantasy. 
520 |a "Jace's return to Kansas is an instant reminder that there really is no place like home. The tavern is still brimming with losers, practical jokers, and motorcycle chicks. Even the town's only Goth is still wearing eyeliner. But just as Jace is about to click her heels and hightail out of there, she's roped into a brand-new case. Somebody is possessed. And the bodies are piling up ... They call him the Gallowsman. According to legend, he was sentenced to hang--though his crimes still have not been specified. When he was strung up to die, his spirit stuck around waiting for people to hang themselves--so he could steal their bodies. Now, with the undead rising up and going on a rampage, Jace must put her own neck on the line. Can she get the Gallowsman to give up the ghost?"--Page 4 of cover. 
650 0 |a Valchek, Jace (Fictitious character)  |v Fiction. 
650 0 |a Vampires  |v Fiction. 
650 6 |a Vampires  |v Romans, nouvelles, etc. 
650 7 |a Valchek, Jace (Fictitious character)  |2 fast  |0 (OCoLC)fst01895778 
650 7 |a Vampires.  |2 fast  |0 (OCoLC)fst01163968 
655 7 |a ghost stories.  |2 aat 
655 7 |a Thrillers (Fiction)  |2 fast  |0 (OCoLC)fst01726755 
655 7 |a Ghost stories.  |2 fast  |0 (OCoLC)fst01726625 
655 7 |a Fiction.  |2 fast  |0 (OCoLC)fst01423787 
655 7 |a Paranormal fiction.  |2 fast  |0 (OCoLC)fst01921727 
655 7 |a Fantasy fiction.  |2 gsafd 
655 7 |a Paranormal fiction.  |2 lcgft 
655 7 |a Ghost stories.  |2 lcgft 
655 7 |a Thrillers (Fiction)  |2 lcgft 
655 7 |a Histoires de fantômes.  |2 rvmgf 
800 1 |a Barant, D. D.  |t Bloodhound files. 
029 1 |a AU@  |b 000050213577 
029 1 |a NZ1  |b 14709632 
994 |a Z0  |b TXA 
948 |h NO HOLDINGS IN TXA - 96 OTHER HOLDINGS 
999 f f |s 459b40e9-f0dd-4b3e-99bf-c62035abd404  |i 35e9b191-abc7-4742-9673-f6fc167f5157  |t 0 
952 f f |a Texas A&M University  |b College Station  |c Cushing Memorial Library & Archives  |d Cushing: Science Fiction (Does not check out)  |t 0  |e PR9199.4 B365 U54 2012  |h Library of Congress classification 
998 f f |a PR9199.4 B365 U54 2012  |t 0  |l Cushing: Science Fiction (Does not check out)